000 03445nam2a22003131 4500
001 RU\NLR\19V\934725
005 20250620110318.0
035 _a(NLR Aleph) 005290287
090 _a6183314
_c6183314
100 _a20130702d1890 |||y0rusy50 ca
101 0 _arus
102 _aRU
105 _ay z |||||
200 1 _aСвод замечаний, представленных совещательными по части промышленности и торговли учреждениями, некоторыми сельскохозяйственными обществами и частными лицами по запискам, составленным профессором Ильиным в сотрудничестве с адъюнкт-профессором Ланговым и инженер-технологом Голковским о а) прядильных материалах и изделиях из оных; б) о вещах для музеев, образцах, турецких тканях, платье и белье, перьях и искусственных цветах, стеклярусе и бисере, шляпах и фуражках, зонтиках, игрушках, принадлежностях для письма и рисования, музыкальных инструментах, постелях и подушках набитых
210 _d1890
_aБ. м.
215 _a188 с.
_d35
316 _aЭкз. РНБ на шифре 18.195.1.21 (ал. 6) приплетен к томам 1-[5] записок Ильина
_5NLR: 18.195.1.21 (ал. 6)
461 0 _1001rc\1530500
_12001#$aМатериалы к пересмотру общего таможенного тарифа Российской империи по европейской торговле
_96125698
_aРоссия. Комиссия для общего пересмотра таможенного тарифа
_cСпб [Санкт-Петербург]
_d1887–1901
_nТипография В. Киршбаума
_tМатериалы к пересмотру общаго таможеннаго тарифа Российской Империи по европейской торговле
482 0 _12001#$aЗаписка о шерсти и шерстяных изделиях, составленная Профессором С.-Петербургского Технологического Института Н.П. Ильиным и Адъюнкт-Профессором Института Н.П. Ланговым
_1210##$d1889
_tЗаписка о шерсти и шерстяных изделиях, составленная Профессором С.-Петербургского Технологического Института Н.П. Ильиным и Адъюнкт-Профессором Института Н.П. Ланговым
702 1 _aИльин
_bН. П.
_f1832-1892
_gНиколай Павлович
_4570
_7ca
702 1 _4570
_7ca
_8rus
_aЛанговой
_bН. П.
_cгос. служащий, специалист в обл. текстильного дела
_f1860-1920
_gНиколай Петрович
_9196790
_3RU\NLR\AUTH\770196841
702 1 _aГолковский
_bС. И.
_4570
801 0 _aRU
_bNLR
_c20130702
_gpsbo
801 1 _aRU
_bNLR
_c20130702
_2rusmarc
801 2 _aRU
_bNLR
_c20130702
_2rusmarc
852 _aNLR
_j18.195.1.21 (ал. 6)
942 _cBOOK
980 _aNB